Mike Myers - Roles by Picture - Statistics

General Stats
  • This quiz has been taken 20 times
  • The average score is 10 of 35
Answer Stats
Picture Answer % Correct
Shrek
95%
The Cat in the Hat
95%
Austin Powers
90%
Dr. Evil
90%
Wayne Campbell
85%
Fat Bastard
65%
Goldmember
45%
Guru Maurice Pitka
30%
Bruce Baldwin
20%
Dieter
20%
Jason Eccleston
20%
Ken Scarborough
20%
Linda Richman
20%
Lord Lordington
20%
Mishu Ivanov
20%
Phillip
20%
Rex Smith
20%
Shep Gordon
20%
Simon
20%
Anthony Landsdowne
15%
Charlie Mackenzie
15%
Gen. Ed Fenech
15%
John Whitney
15%
Lothar
15%
Ray Foster
15%
Steve Rubell
15%
Stuart Mackenzie
15%
Stuart Rankin
15%
Ari
10%
Donnie Shulzhoffer
10%
Mr. Franklyn
10%
Pete
10%
Sir Cecil Worthington
10%
Astronaut
5%
Tommy
5%
No matching quizzes found
Score Distribution
Percent of People with Each Score
Percentile by Number Answered
Your Score History
You have not taken this quiz